| 000 | 00605nam a2200229 a 4500 | ||
|---|---|---|---|
| 005 | 20140310183453.0 | ||
| 008 | 090310s19uu xx 00 eng d | ||
| 020 | _a978333693209 | ||
| 050 |
_aHD 3611 _b.H84 2008 |
||
| 100 | _aHughes, Owen E. | ||
| 245 |
_aBusiness, government & globalization / _cOwen E. Hughes |
||
| 260 |
_aNew York : _bPalgrave McMillan, _c2008. |
||
| 300 |
_a273 p. : _c22 cm. |
||
| 521 | _aBSBA | ||
| 650 | _aBSBA. | ||
| 650 | _aBusiness. | ||
| 650 | _aGovernment. | ||
| 650 | _aGlobalization. | ||
| 700 | _aO'Neill, Deirdre | ||
| 942 |
_cBK _2lcc _kFOR |
||
| 999 |
_c23472 _d23472 |
||